Clubes Campeões do Campeonato Carioca - Statistics

Estatísticas Gerais
  • Esse quiz foi jogado 138 vezes
  • A pontuação média é 6 de 8
Estatísticas das Respostas
N títulos Anos Clube % Correto
38 1914, 1915, 1920, 1921, 1925, 1927, 1939, 1942, 1943, 1944, 1953, 1954, 1955, 1963, 1965, 1972, 1974, 1978, 1979-I, 1979-II, 1981, 1986, 1991, 1996, 1999, 2000, 2001, 2004, 2007, 2008, 2009, 2011, 2014, 2017, 2019, 2020, 2021 e 2024 Flamengo
100%
33 1906, 1907, 1908, 1909, 1911, 1917, 1918, 1919, 1924, 1936, 1937, 1938, 1940, 1941, 1946, 1951, 1959, 1964, 1969, 1971, 1973, 1975, 1976, 1980, 1983, 1984, 1985, 1995, 2002, 2005, 2012, 2022 e 2023 Fluminense
100%
24 1923, 1924, 1929, 1934, 1936, 1945, 1947, 1949, 1950, 1952, 1956, 1958, 1970, 1977, 1982, 1987, 1988, 1992, 1993, 1994, 1998, 2003, 2015 e 2016 Vasco
100%
21 1907, 1910, 1912, 1930, 1932, 1933, 1934, 1935, 1948, 1957, 1961, 1962, 1967, 1968, 1989, 1990, 1997, 2006, 2010, 2013 e 2018 Botafogo
99%
2 1933 e 1966 Bangu
86%
7 1913, 1916, 1922, 1928, 1931, 1935 e 1960 América
77%
1 1926 São Cristóvão
33%
1 1912 Paissandu
24%
Nenhum quiz correspondente encontrado
Distribuição das Pontuações
Porcentagem de Pessoas com Cada Pontuação
Percentil de Números Respondidos
Sua Pontuação Histórica
Você não jogou esse quiz